01283nam a2200313Ia 4500001001100000003000800011006001900019007001500038008004100053040002100094035002100115050002400136100003600160245009000196246001500286260009500301300000900396500003000405533015200435650003100587650003900618650004700657655002900704710002200733710005700755710001700812856012500829999001500954ebr5000703CaPaEBRm u cr cn|||||||||100923r20011819inu s 000 f eng d aCaPaEBRcCaPaEBR a(OCoLC)68063233214aPS2066b.E54 2001eb1 aIrving, Washington,d1783-1859.10aEnglish writers on Americah[electronic resource] :b1819-20 /cby Washington Irving.3 aSketchbook a[South Bend, IN] :bInfomotions, Inc. ;a[Blacksburg, VA] :bVirginia Tech.,c2001, c1819. a7 p. a"1819-20 The sketchbook." aElectronic reproduction.bPalo Alto, Calif. :cebrary,d2010.nAvailable via World Wide Web.nAccess may be limited to ebrary affiliated libraries. 0aFantasy fiction, American. 0aAmerican literaturey19th century. 0aAmericanszEnglandxHistoryy19th century. 7aElectronic books.2local2 aInfomotions, Inc.2 aVirginia Polytechnic Institute and State University.2 aebrary, Inc.40uhttp://site.ebrary.com/lib/rucke/Doc?id=5000703zAn electronic book accessible through the World Wide Web; click to view c2942d2942